[Event "Mecklenburg VP-ch U18"]
[Site "Malchow"]
[Date "2019.02.04"]
[Round "4.3"]
[White "Petrow, Jonas"]
[Black "Jaeschke, Jonathan"]
[Result "1-0"]
[WhiteElo "1811"]
[BlackElo "1532"]
[PlyCount "51"]
[EventDate "2019.02.02"]
[EventType "swiss"]
[EventRounds "7"]
[EventCountry "GER"]
[SourceTitle "EXT 2022"]
[Source "ChessBase"]
[SourceDate "2021.10.06"]
[SourceVersion "1"]
[SourceVersionDate "2021.10.06"]
[SourceQuality "1"]

1. d4 Nf6 2. c4 c5 3. d5 e6 4. Nc3 exd5 5. cxd5 d6 6. e4 g6 7. Bg5 h6 8. Bd2 Bg7 9. Qc1 Qe7 10. f3 a6 11. a4 Nbd7 12. Nh3 Ne5 13. Nf2 Rb8 14. Be2 h5 15. 0-0 0-0 16. Bh6 h4 17. Bg5 h3 18. gxh3 Qc7 19. Ng4 Nh7 20. Bh6 c4 21. Bxg7 Nxg4 22. Bxf8 Qc5+ 23. Kh1 Nf2+ 24. Rxf2 Qxf2 25. Be7 Bxh3 26. Qg1 1-0

[Event "Mecklenburg VP-ch U18"]
[Site "Malchow"]
[Date "2019.02.03"]
[Round "3.1"]
[White "Jaeschke, Jonathan"]
[Black "Lange, Jannis"]
[Result "0-1"]
[WhiteElo "1532"]
[BlackElo "1984"]
[PlyCount "84"]
[EventDate "2019.02.02"]
[EventType "swiss"]
[EventRounds "7"]
[EventCountry "GER"]
[SourceTitle "EXT 2022"]
[Source "ChessBase"]
[SourceDate "2021.10.06"]
[SourceVersion "1"]
[SourceVersionDate "2021.10.06"]
[SourceQuality "1"]

1. c4 Nf6 2. Nc3 g6 3. g3 c6 4. Bg2 d5 5. cxd5 cxd5 6. d4 Bg7 7. Nf3 0-0 8. 0-0 Ne4 9. Nxe4 dxe4 10. Ne5 Qd5 11. Bf4 f6 12. Nd3 Qxd4 13. Qb3+ Kh8 14. Nb4 f5 15. Rad1 Qb6 16. Be3 Qb5 17. a4 Qe8 18. Bd4 e5 19. Bc3 Be6 20. Nd5 Qf7 21. Qb5 Nc6 22. Rd2 Nd4 23. Bxd4 exd4 24. Nf4 Bc4 25. Qb4 Rfc8 26. Rc2 Bb3 27. Rd2 a5 28. Qa3 Bf8 29. Qa1 Rc4 30. e3 Rxa4 31. Qe1 Bc5 32. exd4 Rxd4 33. Rxd4 Bxd4 34. Bxe4 Re8 35. Qxa5 fxe4 36. Qb4 Qc4 37. Qxb7 e3 38. Qd7 exf2+ 39. Kg2 Qxf1+ 40. Kf3 Qd1+ 41. Kg2 f1B+ 42. Kh1 Bh3# 0-1

[Event "Mecklenburg VP-ch U18"]
[Site "Malchow"]
[Date "2019.02.03"]
[Round "2.3"]
[White "Schumacher, Ole"]
[Black "Jaeschke, Jonathan"]
[Result "0-1"]
[WhiteElo "1711"]
[BlackElo "1532"]
[PlyCount "58"]
[EventDate "2019.02.02"]
[EventType "swiss"]
[EventRounds "7"]
[EventCountry "GER"]
[SourceTitle "EXT 2022"]
[Source "ChessBase"]
[SourceDate "2021.10.06"]
[SourceVersion "1"]
[SourceVersionDate "2021.10.06"]
[SourceQuality "1"]

1. d4 Nf6 2. c4 d6 3. Nc3 g6 4. e4 Bg7 5. h3 0-0 6. Nf3 Nbd7 7. Bd3 e5 8. d5 a5 9. Bg5 Nc5 10. Bc2 Bd7 11. Qd2 a4 12. Bh6 Qb8 13. Bxg7 Kxg7 14. Qe3 Re8 15. Qe2 b5 16. cxb5 Ra5 17. Rb1 Bxb5 18. Qd1 Qa7 19. b4 axb3 20. axb3 Ba6 21. Na4 Nfxe4 22. Bxe4 Nxe4 23. Qc2 f5 24. b4 Rxa4 25. b5 Bxb5 26. Rxb5 Ra1+ 27. Rb1 Rxb1+ 28. Qxb1 Qxf2+ 29. Kd1 Nc3+ 0-1

[Event "Mecklenburg VP-ch Youth"]
[Site "Malchow"]
[Date "2017.02.16"]
[Round "5.4"]
[White "Jaeschke, Jonathan"]
[Black "Petrow, Jonas"]
[Result "1-0"]
[WhiteElo "1206"]
[BlackElo "1649"]
[PlyCount "149"]
[EventDate "2017.02.08"]
[EventType "swiss"]
[EventRounds "7"]
[EventCountry "GER"]
[SourceTitle "EXT 2022"]
[Source "ChessBase"]
[SourceDate "2021.10.06"]
[SourceVersion "1"]
[SourceVersionDate "2021.10.06"]
[SourceQuality "1"]

1. c4 e5 2. Nc3 Nc6 3. g3 d6 4. Bg2 f5 5. e3 Nf6 6. Nge2 Be6 7. Nd5 Ne7 8. Nxf6+ gxf6 9. b3 Rb8 10. Bb2 Bg7 11. 0-0 0-0 12. Qc2 Kh8 13. d4 Rg8 14. Rad1 Qe8 15. Qd2 a6 16. Qa5 Qc8 17. f4 b6 18. Qd2 e4 19. d5 Bd7 20. Nd4 Qe8 21. Qe2 Qg6 22. Rd2 Qh6 23. Rc1 Bf8 24. Bf1 Be8 25. Qg2 Qg6 26. Qh3 Rb7 27. Kh1 Bf7 28. Qh4 Bg7 29. Be2 h5 30. Bd1 Kh7 31. Rg2 Rh8 32. a3 Kg8 33. b4 Qh7 34. Nc6 Ng6 35. Qh3 h4 36. g4 Kf8 37. gxf5 Ne7 38. Nd8 Rb8 39. Ne6+ Bxe6 40. fxe6 Rg8 41. Bc2 f5 42. Bxg7+ Rxg7 43. Rcg1 Rxg2 44. Qxg2 a5 45. b5 Ng8 46. Qg6 Qxg6 47. Rxg6 Rc8 48. Bd1 Ne7 49. Rh6 Kg7 50. Rxh4 Rh8 51. Rxh8 Kxh8 52. Kg2 Kg7 53. Kh3 Kh6 54. Kg3 Ng6 55. h4 Ne7 56. h5 Kg7 57. Kh4 Kf6 58. Be2 Ng8 59. Bf1 Nh6 60. Bh3 Ng8 61. h6 Nxh6 62. Kh5 Ng8 63. a4 Ne7 64. Kh6 Ng8+ 65. Kh7 Ne7 66. Bf1 Ng6 67. Kg8 Ke7 68. Kg7 Nf8 69. Bh3 Nxe6+ 70. dxe6 Kxe6 71. Kg6 d5 72. Bxf5+ Kd6 73. cxd5 Kxd5 74. Bxe4+ Kxe4 75. f5 1-0

[Event "Mecklenburg VP-ch Youth"]
[Site "Malchow"]
[Date "2017.02.16"]
[Round "2.9"]
[White "Kunz, Nelli"]
[Black "Jaeschke, Jonathan"]
[Result "0-1"]
[WhiteElo "848"]
[BlackElo "1206"]
[PlyCount "111"]
[EventDate "2017.02.08"]
[EventType "swiss"]
[EventRounds "7"]
[EventCountry "GER"]
[SourceTitle "EXT 2022"]
[Source "ChessBase"]
[SourceDate "2021.10.06"]
[SourceVersion "1"]
[SourceVersionDate "2021.10.06"]
[SourceQuality "1"]

1. d4 d5 2. c4 dxc4 3. Nc3 Nf6 4. Nf3 Bf5 5. Bg5 h6 6. Bf4 e6 7. e3 Bd6 8. Bxc4 Bxf4 9. exf4 0-0 10. 0-0 a6 11. a4 Nc6 12. Qd2 Ne4 13. Qe3 Nf6 14. Rfd1 Ne7 15. Qe5 Ng6 16. Qc5 Be4 17. Be2 Nxf4 18. Nxe4 Nxe2+ 19. Kf1 Nxe4 20. Qe5 Nf6 21. Qxe2 Qd5 22. Re1 a5 23. Rac1 Qd6 24. Qb5 Nd5 25. Qxb7 Rfb8 26. Qc6 Qxc6 27. Rxc6 Rxb2 28. Ra1 Kf8 29. Ke1 Ke7 30. Rc5 f6 31. Nd2 Kd7 32. Ke2 Nb6 33. Ke3 Rb4 34. f4 Nxa4 35. Rc4 Nb6 36. Rc5 a4 37. Ra3 Nd5+ 38. Ke4 c6 39. Kd3 Nxf4+ 40. Kc3 Nd5+ 41. Kd3 Rb5 42. Rc4 Nb6 43. Rcc3 Rg5 44. g3 Rh5 45. h4 Rb5 46. h5 Rxh5 47. Ne4 Rb5 48. Nc5+ Kd6 49. Ne4+ Kc7 50. Nc5 e5 51. Ne6+ Kd6 52. Nxg7 exd4 53. Nf5+ Rxf5 54. Kxd4 Rb5 55. Rc4 Nxc4 56. Kxc4 0-1

[Event "Mecklenburg VP-ch Youth"]
[Site "Malchow"]
[Date "2017.02.16"]
[Round "4.8"]
[White "Roessler, Hans Juergen"]
[Black "Jaeschke, Jonathan"]
[Result "0-1"]
[WhiteElo "1013"]
[BlackElo "1206"]
[PlyCount "65"]
[EventDate "2017.02.08"]
[EventType "swiss"]
[EventRounds "7"]
[EventCountry "GER"]
[SourceTitle "EXT 2022"]
[Source "ChessBase"]
[SourceDate "2021.10.06"]
[SourceVersion "1"]
[SourceVersionDate "2021.10.06"]
[SourceQuality "1"]

1. e4 d6 2. Nf3 g6 3. d4 Bg7 4. Nc3 Nf6 5. Bc4 0-0 6. 0-0 Bg4 7. h3 Bxf3 8. Qxf3 Nc6 9. Bd2 Nxd4 10. Qd3 c5 11. Be3 Nc6 12. a3 Ne5 13. Qe2 Nxc4 14. Qxc4 a6 15. a4 Nd7 16. f4 Kh8 17. Rab1 Rc8 18. Ne2 Qa5 19. b3 b5 20. axb5 axb5 21. Qd3 Rfd8 22. Qd2 Ra8 23. Qxa5 Rxa5 24. Ng3 Kg8 25. b4 Ra2 26. bxc5 Nxc5 27. Rxb5 Rxc2 28. Rf2 Rc3 29. Rf3 Rc8 30. f5 Be5 31. Rb4 Ra8 32. Ne2 Ra1+ 33. Nc1 0-1